000 00843cam a2200241 i 4500
005 20260120125705.0
008 250721s2001 jo gr 000 0 ara d
082 1 4 _a338.9
_bي ا س
100 1 _aياسين، عبد علي
_eمؤلف.
245 1 0 _aقضايا عالمية معاصرة /
_cتأليف الدكتور عبد علي ياسين.
250 _aالطبعة الاولى.
264 3 1 _aعمان :
_bدار يافا للنشر والتوزيع،
_c2001.
300 _a300 صفحة.
650 1 7 _aالتنمية الإقتصادية.
650 1 7 _aالتخطيط الإقتصادي.
650 1 7 _aالتلوث.
650 1 7 _aالإصحاح.
650 1 7 _aالأمراض.
650 1 7 _aتلوث الهواء.
650 1 7 _aالتدخين.
942 _2ddc
_cBK
999 _c42526
_d42526